000
00356nam a2200157Ia 4500
008
210716s2001 xx 000 0 und d
020
_a
0373709641
041
_a
eng
082
_a
808.83 WINB
100
_a
Winn, Bonnie K.
245
_a
Family found.
250
_a
1
260
_a
New York
_b
Harlequin Books
_c
2001
300
_a
298
650
_a
Novels
999
_c
200104
_d
200104